| 000 | 00735nam a2200253Ia 4500 | ||
|---|---|---|---|
| 003 | OSt | ||
| 005 | 20241019150036.0 | ||
| 008 | 210324s9999||||xx |||||||||||||| ||und|| | ||
| 040 | _cSTCPL | ||
| 041 | _aMAL | ||
| 082 |
_a920.71 _bTHO-O |
||
| 100 |
_aBhasi, Thoppil _qതോപ്പിൽ ഭാസി |
||
| 245 | 0 |
_aOlivile ormakal / _cby Thoppil Bhasi _hഒളിവിലെ ഓര്മ്മകള് |
|
| 260 |
_aThiruvananthapuram : _bPrabhath Book House , _c1977 . |
||
| 300 |
_a459 p. _bPB |
||
| 650 | _aMalayalam literature | ||
| 650 | _aAutobiography | ||
| 650 | _aResearch | ||
| 650 | _aMalayalam playwright | ||
| 650 | _aMalayalam screenwriter | ||
| 650 | _aFilm director | ||
| 942 | _cBK | ||
| 942 | _2ddc | ||
| 999 |
_c20996 _d20996 |
||